00518nam a22001817a 450000500170000001000150001702000260003203500140005803700090007208200110008110000240009224500530011625000060016926000460017527000760022130000210029750000180031820250709150250.0 aENG-145885 c595.00a9789364682848 aEN-129417 bDBAD a54021 aMukherjee, Kantimoy aRapid Revision in Chemistry/bKantimoy Mukherjee a1 aNew DelhibEurasia Publishing Housec2025 aA-27, 2nd Floor, Mohan Co-Opertive Industrial EstatebNew Delhie110044 a489p. c27cm(pb) aFor Class XII